Tecnología del ajustador
Publicado:
Barcelona :
Escuela de Trabajo de la Diputación Provincial de Barcelona. Sección Ediciones (E.T. Artes Gráficas) ,
1953
Descripción Física:
96 p. : il. ; 21 cm
Materias:
Mecànica
MARC
| LEADER | 00000nam a2200000Ia 4500 | ||
|---|---|---|---|
| 001 | 2000 | ||
| 008 | 160829s1953 xx 000 0 cat d | ||
| 080 | |a C-1-403 | ||
| 245 | |a Tecnología del ajustador | ||
| 260 | |a Barcelona : |b Escuela de Trabajo de la Diputación Provincial de Barcelona. Sección Ediciones (E.T. Artes Gráficas), |c 1953 | ||
| 300 | |a 96 p. : |b il. ; |c 21 cm | ||
| 650 | |a Mecànica |9 30507 | ||
| 710 | 2 | |a Escola del Treball (Barcelona, Catalunya) |9 54586 | |
| 901 | |a Arxiu | ||
| 942 | |n 1 | ||
| 952 | |0 0 |1 0 |4 0 |6 C1403 |7 1 |9 46406 |a Arxiu |b Arxiu |d 2016-12-01 |l 0 |o C-1-403 |p 2000 |r 2016-12-01 00:00:00 |w 2016-12-01 |y ARXIU | ||
| 999 | |c 50191 |d 50191 | ||